MARC

LEADER 00000nam0a2200000 4500
001 344167
005 20231102005633.0
035 |a (RuTPU)RU\TPU\book\375411 
090 |a 344167 
100 |a 20200110d1976 km y0itay50 ba 
101 0 |a ita 
102 |a IT 
105 |a y z 000zy 
200 1 |a La Sacra Bibbia  |e Traduzione dai testi originali 
210 |a Roma  |c Edizioni Paoline  |d 1976 
215 |a 1423 p.  |c il. 
606 1 |a Библия  |2 stltpush  |3 (RuTPU)RU\TPU\subj\28633  |9 52149 
610 1 |a религия 
610 1 |a Ветхий завет 
610 1 |a Новый завет 
610 1 |a христианство 
610 1 |a итальянский язык 
686 |a Э37-2  |v LBC/SL-A  |2 rubbk 
801 1 |a RU  |b 63413507  |c 20200110 
801 2 |a RU  |b 63413507  |c 20200128  |g RCR 
942 |c BK